La titularidad del derecho de huelga (Registro nro. 29553)
[ vista simple ]
| 000 -LEADER | |
|---|---|
| fixed length control field | 00319 a2200109 4500 |
| 001 - CONTROL NUMBER | |
| control field | ART_35051 |
| 005 - DATE AND TIME OF LATEST TRANSACTION | |
| control field | 20260410161941.0 |
| 008 - FIXED-LENGTH DATA ELEMENTS--GENERAL INFORMATION | |
| fixed length control field | 260409a |
| 100 1# - MAIN ENTRY--PERSONAL NAME | |
| Personal name | Cremonte, Matías |
| 245 10 - TITLE STATEMENT | |
| Title | La titularidad del derecho de huelga |
| 773 0# - HOST ITEM ENTRY | |
| Title | Temas de derecho laboral |
| Related parts | - Nº 11 (nov. 2015) |
| Record control number | REV27619 |
No hay ítems disponibles.